Statistics for Harry Potter Top 100 Characters

Click here to take the quiz!

General Stats

  • This quiz has been taken 26,307 times
  • The average score is 57 of 100

Answer Stats

MentionsAnswer% Correct
18956Harry Potter
100%
6464Ron Weasley
98%
5486Hermione Granger
97%
2421Albus Dumbledore
96%
920Fred Weasley
94%
1956Severus Snape
94%
771Ginny Weasley
94%
821George Weasley
93%
1797Voldemort
93%
1198Draco Malfoy
91%
722Molly Weasley
91%
1471Sirius Black
90%
780Arthur Weasley
90%
2024Rubeus Hagrid
90%
302Bill Weasley
89%
426Percy Weasley
89%
249Lucius Malfoy
88%
190James Potter
88%
127Lily Potter
88%
110Charlie Weasley
87%
810Neville Longbottom
85%
864Remus Lupin
84%
79Aberforth Dumbledore
84%
89Narcissa Malfoy
83%
356Luna Lovegood
80%
770Minerva McGonagall
79%
220Bellatrix Lestrange
75%
583Alastor Moody
73%
469Dobby
72%
467Dudley Dursley
71%
353Cedric Diggory
71%
486Peter Pettigrew
71%
637Dolores Umbridge
71%
228Gregory Goyle
70%
530Vernon Dursley
70%
314Petunia Dursley
70%
215Cho Chang
69%
242Nymphadora Tonks
69%
277Viktor Krum
68%
140Filius Flitwick
68%
224Vincent Crabbe
67%
89Phineas Nigellus Black
66%
124Xenophilius Lovegood
64%
116Katie Bell
62%
258Fleur Delacour
62%
493Cornelius Fudge
59%
73Marge Dursley
58%
76Amos Diggory
57%
212Dean Thomas
57%
262Gilderoy Lockhart
57%
295Barty Crouch Sr
56%
204Hedwig
55%
179Seamus Finnigan
54%
262Sybill Trelawney
53%
432Horace Slughorn
52%
133Parvati Patil
52%
208Oliver Wood
51%
90Pomona Sprout
50%
288Argus Filch
49%
141Lavender Brown
49%
122Quirinus Quirrell
48%
123Nearly Headless Nick
47%
70Salazar Slytherin
45%
63Godric Gryffindor
43%
312Kreacher
40%
156Poppy Pomfrey
39%
164Peeves
39%
188Rita Skeeter
39%
106Kingsley Shacklebolt
38%
119Moaning Myrtle
38%
68Pansy Parkinson
37%
135Angelina Johnson
37%
77Colin Creevey
36%
117Garrick Ollivander
36%
162Crookshanks
36%
109Lee Jordan
34%
165Igor Karkaroff
33%
136Buckbeak
33%
112Olympe Maxime
31%
162Winky
31%
75Firenze
30%
77Bathilda Bagshot
30%
102Fenrir Greyback
30%
147Mundungus Fletcher
29%
68Marvolo Gaunt
29%
153Rufus Scrimgeour
28%
63Morfin Gaunt
27%
246Ludo Bagman
26%
140Griphook
25%
105Fang
25%
72Fat Lady
24%
75Grawp
21%
73Gellert Grindelwald
20%
85Stan Shunpike
19%
92Ernie Macmillan
18%
64Fawkes
18%
73Cormac McLaggen
18%
62Elphias Doge
18%
63Frank Bryce
11%
68Bob Ogden
9%

Score Distribution

Percentile by Number Answered

Percent of People with Each Score

Your Score History

You have not taken this quiz